[Event "DEM U12 2011"]
[Site "Oberhof GER"]
[Date "2011.06.13"]
[Round "3"]
[White "Böhning, Kilian"]
[Black "Perske, Thore"]
[Result "0-1"]
[Termination "normal"]
[Board "3"]
[WhiteElo "1708"]
[BlackElo "1830"]
[PlyCount "100"]
[WhiteFideId "1270499"]
[BlackFideId "12902195"]
[EventCountry "GER"]
[EventRounds "11"]
[EventType "swiss"]
[EventDate "2011.06.11"]

1. e4 e6 2. d4 d5 3. exd5 exd5 4. Bd3 Bd6 5. Nc3 c6 6. Nge2 Qh4 7. Be3 Nh6 8.
Qd2 Ng4 9. g3 Qf6 10. O-O-O Bf5 11. h3 Nxe3 12. fxe3 Bxd3 13. Qxd3 Na6 14. e4
dxe4 15. Nxe4 Qh6+ 16. Kb1 O-O-O 17. Nxd6+ Qxd6 18. Qf5+ Qd7 19. Rhf1 f6 20.
Qxd7+ Rxd7 21. c4 Re8 22. Rd2 Re3 23. a3 Rde7 24. Rf2 Nc7 25. Rg2 Rf3 26. Kc2
Ree3 27. h4 Kd7 28. g4 Re4 29. Nc3 Re7 30. Rd3 Rf4 31. Ne2 Rf1 32. Ng3 Rfe1 33.
Kd2 g6 34. Rf3 Ne8 35. Rh2 Rb1 36. Kc2 Ree1 37. h5 Rbc1+ 38. Kb3 g5 39. Re2
Rxe2 40. Nxe2 Re1 41. Re3 Rf1 42. a4 Nd6 43. c5 Nc8 44. Nc3 Ne7 45. Kc4 Rf4 46.
Rg3 h6 47. Ne2 Rf2 48. Kd3 Nd5 49. b3 a5 50. Rg1 Rf3+ 0-1

[Event "DEM U12 2011"]
[Site "Oberhof GER"]
[Date "2011.06.13"]
[Round "3"]
[White "Kitze, Alexander"]
[Black "Schröder, Kevin"]
[Result "0-1"]
[Termination "normal"]
[Board "4"]
[WhiteElo "1717"]
[BlackElo "1954"]
[PlyCount "96"]
[WhiteFideId "12914827"]
[BlackFideId "12929840"]
[EventCountry "GER"]
[EventRounds "11"]
[EventType "swiss"]
[EventDate "2011.06.11"]

1. e4 c5 2. Nf3 d6 3. d4 cxd4 4. Nxd4 Nf6 5. Nc3 a6 6. Bg5 e6 7. f4 Qb6 8. Qd2
Qxb2 9. Rb1 Qa3 10. Bxf6 gxf6 11. Be2 Nc6 12. Nxc6 bxc6 13. O-O d5 14. Kh1 Bb4
15. Rb3 Qa5 16. Qd4 Be7 17. exd5 cxd5 18. f5 Qc5 19. Qxc5 Bxc5 20. fxe6 Bxe6
21. Na4 Bd4 22. Rd1 Be5 23. Nb6 Rd8 24. Bxa6 O-O 25. a4 d4 26. Bc4 Bxc4 27.
Nxc4 Rc8 28. Nxe5 fxe5 29. Rb2 Rc4 30. Ra2 Rfc8 31. Rd2 Rb8 32. h3 Rbb4 33. a5
Ra4 34. Rxa4 Rxa4 35. Kg1 Rxa5 36. Kf2 f6 37. g4 Ra3 38. Kg2 Kf7 39. Rf2 Ke6
40. h4 e4 41. h5 Ra2 42. Kg3 d3 43. Rf4 dxc2 44. Rxe4+ Kd5 45. Re1 Rb2 46. Rc1
Ke4 47. Kf2 Kd3 48. Ke1 Rb1 0-1

[Event "DEM U12 2011"]
[Site "Oberhof GER"]
[Date "2011.06.13"]
[Round "3"]
[White "Dürr, Florian"]
[Black "Krüger, David"]
[Result "1-0"]
[Termination "normal"]
[Board "5"]
[WhiteElo "1819"]
[BlackElo "1810"]
[PlyCount "45"]
[WhiteFideId "24659134"]
[BlackFideId "12921858"]
[EventCountry "GER"]
[EventRounds "11"]
[EventType "swiss"]
[EventDate "2011.06.11"]

1. e4 e5 2. Nf3 Nc6 3. Bb5 a6 4. Ba4 Nf6 5. O-O b5 6. Bb3 Bc5 7. c3 d6 8. h3
Bb7 9. Re1 O-O 10. d3 h6 11. Nbd2 Bb6 12. Nf1 Ne7 13. Ng3 c5 14. Nh4 Bc7 15.
Qf3 Kh7 16. Nhf5 Ng6 17. Nh5 Nxh5 18. Qxh5 Qf6 19. Bxh6 gxh6 20. Qxh6+ Kg8 21.
Ne7+ Qxe7 22. Qxg6+ Kh8 23. Qh6+ 1-0

[Event "DEM U12 2011"]
[Site "Oberhof GER"]
[Date "2011.06.13"]
[Round "3"]
[White "Bruns, Kai-Christian"]
[Black "Kollars, Dmitrij"]
[Result "0-1"]
[Termination "normal"]
[Board "6"]
[WhiteElo "1645"]
[BlackElo "1830"]
[PlyCount "104"]
[WhiteFideId "12938025"]
[BlackFideId "12909572"]
[EventCountry "GER"]
[EventRounds "11"]
[EventType "swiss"]
[EventDate "2011.06.11"]

1. e4 c5 2. c3 d5 3. exd5 Qxd5 4. d4 Nf6 5. Nf3 Bg4 6. Be2 e6 7. O-O Nc6 8. h3
Bh5 9. Be3 cxd4 10. cxd4 Be7 11. Nc3 Qd8 12. Qb3 Rb8 13. Rfd1 Nd5 14. Nxd5 exd5
15. g4 Bg6 16. Ne5 f6 17. Nxg6 hxg6 18. Kg2 Qd7 19. Rac1 Kf7 20. a3 Rbc8 21.
Bf3 Rhd8 22. Qa2 Bf8 23. b4 Ne7 24. Rc5 b6 25. Rxc8 Rxc8 26. Rc1 Rxc1 27. Bxc1
Qc6 28. Bd2 b5 29. a4 bxa4 30. Be2 Qb6 31. Qxa4 Nc6 32. b5 Qxd4 33. Qa2 Ne5 34.
Be3 Qe4+ 35. Kg3 Bd6 36. Qxa7+ Kg8 37. f4 Nf7 38. Bf3 Qd3 39. Qa8+ Kh7 40. Qa7
Kg8 41. Bc5 Qxb5 42. Bxd6 Nxd6 43. Qa8+ Kh7 44. Bxd5 Qd3+ 45. Kh4 g5+ 46. fxg5
fxg5+ 47. Kxg5 Qe3+ 48. Kh4 Nf5+ 49. gxf5 Qf4+ 50. Kh5 Qxf5+ 51. Kh4 Qf4+ 52.
Kh5 g6# 0-1

[Event "DEM U12 2011"]
[Site "Oberhof GER"]
[Date "2011.06.13"]
[Round "3"]
[White "Riehle, Marco"]
[Black "Balazs, Balint"]
[Result "1/2-1/2"]
[Termination "normal"]
[Board "7"]
[WhiteElo "1747"]
[BlackElo "1587"]
[PlyCount "150"]
[WhiteFideId "12904392"]
[BlackFideId "12922757"]
[EventCountry "GER"]
[EventRounds "11"]
[EventType "swiss"]
[EventDate "2011.06.11"]

1. e4 d5 2. exd5 Qxd5 3. Nc3 Qa5 4. d4 Nf6 5. Bd2 Qb6 6. Nf3 Bg4 7. Bc4 e6 8.
O-O c6 9. Bg5 Qxb2 10. Qd3 Bf5 11. Qe3 Ng4 12. Qe1 Bb4 13. Bd2 Bxc3 14. Bxc3
Qxc2 15. d5 cxd5 16. Bxd5 Nc6 17. Bxc6+ bxc6 18. Nd4 Qe4 19. Qxe4 Bxe4 20. f3
Ne3 21. fxe4 Nxf1 22. Rxf1 Rc8 23. Rb1 O-O 24. Rb7 Rb8 25. Rxa7 Rb1+ 26. Kf2
Rc1 27. Be1 c5 28. Rc7 Rxe1 29. Nxe6 Rxe4 30. Nxf8 Kxf8 31. Rxc5 Ra4 32. Rc2
Ke7 33. Ke3 Kd6 34. Kd3 Ra8 35. Kc3 Kc6 36. Kb4+ Kb6 37. a4 f5 38. Re2 Rb8 39.
Re6+ Kc7+ 40. Kc5 Kd7 41. Rb6 Rc8+ 42. Kb5 Rc7 43. a5 Rc2 44. Rb7+ Kd6 45. Rxg7
Rb2+ 46. Ka6 f4 47. Ka7 Rc2 48. h4 h5 49. Rg6+ Kc7 50. a6 Rb2 51. Rg7+ Kc8 52.
Rg5 Kc7 53. Rc5+ Kd7 54. Rg5 Kc7 55. Rc5+ Kd7 56. Rxh5 Rxg2 57. Rf5 Rg4 58. Kb7
f3 59. Rxf3 Rb4+ 60. Ka8 Rxh4 61. Rc3 Rb4 62. a7 Kd8 63. Rh3 Kc7 64. Rh8 Rb3
65. Rb8 Rf3 66. Rb7+ Kc6 67. Rb4 Rf8+ 68. Rb8 Rf7 69. Rh8 Kc7 70. Rg8 Re7 71.
Rb8 Kc6 72. Rc8+ Kb6 73. Rb8+ Ka6 74. Rh8 Rxa7+ 75. Kb8 Rg7 1/2-1/2

[Event "DEM U12 2011"]
[Site "Oberhof GER"]
[Date "2011.06.13"]
[Round "3"]
[White "Niediek, Cedric"]
[Black "Scholz, Robert"]
[Result "1/2-1/2"]
[Termination "normal"]
[Board "8"]
[WhiteElo "1641"]
[BlackElo "1643"]
[PlyCount "64"]
[BlackFideId "1270301"]
[EventCountry "GER"]
[EventRounds "11"]
[EventType "swiss"]
[EventDate "2011.06.11"]

1. e4 e5 2. Nf3 Nc6 3. Bc4 Bc5 4. c3 Nf6 5. d4 exd4 6. e5 d5 7. Bb5 Ne4 8. cxd4
Bb4+ 9. Bd2 Nxd2 10. Nbxd2 Bd7 11. Bxc6 Bxc6 12. O-O O-O 13. a3 Be7 14. h3 Rb8
15. Nh2 Bb5 16. Re1 f6 17. Nhf3 Be8 18. b4 Ra8 19. Qb3 b6 20. b5 c6 21. bxc6
Bxc6 22. Rac1 Rc8 23. Rc3 Rc7 24. Rec1 Qd7 25. Nf1 Rfc8 26. h4 Bb7 27. Ne3 Rxc3
28. Rxc3 Rxc3 29. Qxc3 Qc6 30. Qb2 Qd7 31. Qc3 Qc6 32. Qb2 Qd7 1/2-1/2

[Event "DEM U12 2011"]
[Site "Oberhof GER"]
[Date "2011.06.13"]
[Round "3"]
[White "Peter, Anton"]
[Black "Baskin, Robert"]
[Result "0-1"]
[Termination "normal"]
[Board "9"]
[WhiteElo "1757"]
[BlackElo "1940"]
[PlyCount "144"]
[WhiteFideId "12901660"]
[BlackFideId "24662402"]
[EventCountry "GER"]
[EventRounds "11"]
[EventType "swiss"]
[EventDate "2011.06.11"]

1. d4 Nf6 2. Nf3 e6 3. c4 b6 4. Nc3 Bb4 5. Bg5 Bb7 6. e3 Bxc3+ 7. bxc3 d6 8.
Bd3 Nbd7 9. O-O Qe7 10. Nd2 h6 11. Bh4 g5 12. Bg3 O-O-O 13. a4 a5 14. Rb1 h5
15. f3 Rdg8 16. Qc2 h4 17. Be1 g4 18. f4 g3 19. h3 Ng4 20. hxg4 h3 21. Be4 d5
22. g5 dxe4 23. Bxg3 hxg2 24. Kxg2 f6 25. Rh1 fxg5 26. Rxh8 Rxh8 27. Rh1 Rg8
28. Rf1 Qg7 29. f5 exf5 30. Rxf5 Qh7 31. Rf1 Rh8 32. Rg1 Qh3+ 33. Kf2 Nf6 34.
Nf1 Ng4+ 35. Ke1 Rf8 36. Qg2 Qxg2 37. Rxg2 Rxf1+ 38. Kxf1 Nxe3+ 39. Kf2 Nxg2
40. Kxg2 Bc6 41. Kf2 Bxa4 42. Ke3 Bc2 43. Be1 Kd7 44. Bd2 Ke6 45. Kf2 Kf5 46.
Kg3 Bd1 47. Bc1 Bf3 48. Ba3 a4 49. Bc1 g4 50. Kf2 Bd1 51. Ba3 Kg5 52. Kg3 Bf3
53. Bc1+ Kh5 54. d5 Be2 55. c5 bxc5 56. Ba3 Bc4 57. Bxc5 Bxd5 58. Kh2 Bc4 59.
Kg3 Be2 60. Be7 Bf3 61. Kf4 Kg6 62. c4 Kf7 63. Bc5 Ke6 64. Ba3 Kd7 65. Bc5 Kc6
66. Ba3 Be2 67. Bb4 Bxc4 68. Kxg4 Kb5 69. Ba3 Bd3 70. Kf4 Kc4 71. Ke3 Kb3 72.
Bc1 a3 0-1

[Event "DEM U12 2011"]
[Site "Oberhof GER"]
[Date "2011.06.13"]
[Round "3"]
[White "Kololli, Kevin"]
[Black "Flüchter, Gregor"]
[Result "0-1"]
[Termination "normal"]
[Board "10"]
[WhiteElo "1596"]
[BlackElo "1822"]
[PlyCount "54"]
[WhiteFideId "12936863"]
[BlackFideId "12903396"]
[EventCountry "GER"]
[EventRounds "11"]
[EventType "swiss"]
[EventDate "2011.06.11"]

1. e4 c5 2. c3 Nf6 3. e5 Nd5 4. d4 cxd4 5. Nf3 Nc6 6. cxd4 d6 7. Bc4 Nb6 8. Bb3
dxe5 9. dxe5 Bf5 10. O-O e6 11. Nc3 Be7 12. Be3 O-O 13. Qe2 Bd3 14. Qd2 Bxf1
15. Kxf1 Qxd2 16. Bxd2 Rfd8 17. Be3 Nd7 18. Bf4 Nc5 19. Bc4 Nd4 20. Nd2 Rac8
21. Rc1 Nc6 22. Ke2 Nb4 23. Be3 Nbd3 24. Bxd3 Nxd3 25. Rc2 b6 26. f4 Nxb2 27.
Rxb2 Rxc3 0-1

[Event "DEM U12 2011"]
[Site "Oberhof GER"]
[Date "2011.06.13"]
[Round "3"]
[White "Mager, Denis"]
[Black "Brandl, Lea Maria"]
[Result "1-0"]
[Termination "normal"]
[Board "11"]
[WhiteElo "1741"]
[BlackElo "1546"]
[PlyCount "49"]
[WhiteFideId "24691127"]
[BlackFideId "24693049"]
[EventCountry "GER"]
[EventRounds "11"]
[EventType "swiss"]
[EventDate "2011.06.11"]

1. d4 d5 2. c4 e6 3. Nf3 Nf6 4. Nc3 Nbd7 5. e3 c6 6. b3 Be7 7. Bd3 b6 8. O-O c5
9. Bb2 Bb7 10. Qe2 O-O 11. Rfd1 Bd6 12. cxd5 Nxd5 13. Nxd5 Bxd5 14. e4 Bb7 15.
e5 Bc7 16. Ba3 Qe7 17. Bb5 Rfd8 18. Rac1 Rac8 19. Rc3 a6 20. Bxa6 Bxa6 21. Qxa6
Ra8 22. Qb7 Rxa3 23. Qxc7 cxd4 24. Nxd4 Qe8 25. Nc6 1-0

[Event "DEM U12 2011"]
[Site "Oberhof GER"]
[Date "2011.06.13"]
[Round "3"]
[White "Bergauz, Noam"]
[Black "Nothnagel, Marian Can"]
[Result "1/2-1/2"]
[Termination "normal"]
[Board "12"]
[WhiteElo "1591"]
[BlackElo "1613"]
[PlyCount "69"]
[WhiteFideId "12938033"]
[BlackFideId "12921530"]
[EventCountry "GER"]
[EventRounds "11"]
[EventType "swiss"]
[EventDate "2011.06.11"]

1. e4 e5 2. d4 exd4 3. Nf3 d5 4. Qxd4 dxe4 5. Qxd8+ Kxd8 6. Ng5 Ke8 7. Nxe4 Be6
8. Bf4 Nd7 9. Nbc3 c6 10. Nd6+ Bxd6 11. Bxd6 Ne7 12. O-O-O Nf5 13. Bf4 Nf6 14.
Bd3 Rd8 15. Rhe1 Ne7 16. Ne4 Nxe4 17. Bxe4 Rxd1+ 18. Rxd1 Bd5 19. Bxd5 Nxd5 20.
Bg3 f6 21. c4 Nb6 22. Bc7 Nd7 23. f4 Ke7 24. Bd6+ Ke6 25. c5 Re8 26. Re1+ Kf7
27. Rxe8 Kxe8 28. f5 Kf7 29. Kd2 g5 30. g4 Kg7 31. Ke3 h5 32. h3 hxg4 33. hxg4
b6 34. b4 b5 35. Kd4 1/2-1/2

[Event "DEM U12 2011"]
[Site "Oberhof GER"]
[Date "2011.06.13"]
[Round "3"]
[White "Pallas, Sebastian"]
[Black "Greßmann, Moritz"]
[Result "1-0"]
[Termination "normal"]
[Board "13"]
[WhiteElo "1813"]
[BlackElo "1738"]
[PlyCount "69"]
[WhiteFideId "12905453"]
[BlackFideId "24695084"]
[EventCountry "GER"]
[EventRounds "11"]
[EventType "swiss"]
[EventDate "2011.06.11"]

1. e4 e5 2. Nf3 Nc6 3. d4 exd4 4. Nxd4 Bc5 5. Nxc6 Qf6 6. Qf3 Qxc6 7. Nc3 a6 8.
Bg5 h6 9. Bh4 Bb4 10. Be2 Bxc3+ 11. bxc3 g5 12. Bg3 d6 13. e5 Qxf3 14. Bxf3 g4
15. Be4 f5 16. Bd3 d5 17. O-O-O Be6 18. Rhf1 Ne7 19. f3 c5 20. fxg4 fxg4 21.
Rf6 Kd7 22. c4 d4 23. c3 Nc6 24. Be4 Bxc4 25. Bxc6+ bxc6 26. cxd4 cxd4 27.
Rxd4+ Bd5 28. Rd6+ Ke7 29. Bh4+ Kf7 30. Rf4+ Ke8 31. e6 Bxe6 32. Rxe6+ Kd7 33.
Re7+ Kd6 34. Rd4+ Kc5 35. Bf2 1-0

[Event "DEM U12 2011"]
[Site "Oberhof GER"]
[Date "2011.06.13"]
[Round "3"]
[White "Wiesner, Paula"]
[Black "Höglauer, Patrick"]
[Result "1/2-1/2"]
[Termination "normal"]
[Board "14"]
[WhiteElo "1792"]
[BlackElo "1764"]
[PlyCount "66"]
[WhiteFideId "24654019"]
[BlackFideId "1270548"]
[EventCountry "GER"]
[EventRounds "11"]
[EventType "swiss"]
[EventDate "2011.06.11"]

1. d4 Nf6 2. c4 e6 3. Nc3 Bb4 4. e3 b6 5. Nge2 Bb7 6. a3 Bxc3+ 7. Nxc3 O-O 8.
Bd3 Nc6 9. O-O d5 10. Qe2 Re8 11. Rd1 e5 12. cxd5 Nxd4 13. exd4 exd4 14. Ne4
Nxe4 15. Bxe4 f5 16. Rxd4 Rxe4 17. Rxe4 fxe4 18. Qxe4 Bxd5 19. Qe2 Qf6 20. f3
Qc6 21. Be3 Re8 22. Qf2 Qg6 23. Rd1 Bc6 24. Kh1 Ba4 25. Re1 Qd3 26. Qd2 Qxd2
27. Bxd2 Rxe1+ 28. Bxe1 Kf7 29. Kg1 Ke6 30. Kf2 c5 31. Ke3 a6 32. Bc3 g6 33. f4
Bc6 1/2-1/2

[Event "DEM U12 2011"]
[Site "Oberhof GER"]
[Date "2011.06.13"]
[Round "3"]
[White "Gschnitzer, Adrian"]
[Black "Ovsepyan, Arshak"]
[Result "0-1"]
[Termination "normal"]
[Board "15"]
[WhiteElo "1590"]
[BlackElo "1950"]
[PlyCount "116"]
[WhiteFideId "1270337"]
[BlackFideId "24690236"]
[EventCountry "GER"]
[EventRounds "11"]
[EventType "swiss"]
[EventDate "2011.06.11"]

1. e4 e5 2. Nf3 Nc6 3. d4 exd4 4. Nxd4 d6 5. Nc3 Nf6 6. Nxc6 bxc6 7. Bd3 Be7 8.
O-O O-O 9. f4 d5 10. e5 Bc5+ 11. Kh1 Ng4 12. Qe1 f5 13. h3 Nh6 14. Be3 Bxe3 15.
Qxe3 d4 16. Bc4+ Kh8 17. Qf3 dxc3 18. Qxc3 Qe7 19. Qf3 Bd7 20. Rfe1 Rfd8 21. e6
Be8 22. Ba6 Rd6 23. Qe3 Ng8 24. Rad1 Rad8 25. Rxd6 Rxd6 26. Bd3 g6 27. Qxa7
Rxe6 28. Rxe6 Qxe6 29. Qxc7 Qe7 30. Qa5 Nf6 31. Bc4 Ne4 32. Kh2 Qd6 33. Qb6
Qxf4+ 34. Kg1 Qd6 35. b4 c5 36. bxc5 Qd4+ 37. Kh2 Qxc4 38. Qb8 Qe6 39. Qb6 Qxb6
40. cxb6 Nc5 41. Kg3 Kg7 42. Kf4 Kf6 43. g4 g5+ 44. Ke3 f4+ 45. Kd4 Nb7 46. c4
Bc6 47. a3 f3 48. Ke3 Ke5 49. a4 h6 50. c5 Na5 51. Kf2 Kf4 52. h4 gxh4 53. g5
hxg5 54. b7 Bxb7 55. c6 Bxc6 56. Kf1 Kg3 57. Kg1 f2+ 58. Kf1 Nb3 0-1

[Event "DEM U12 2011"]
[Site "Oberhof GER"]
[Date "2011.06.13"]
[Round "3"]
[White "Vogel, Roven"]
[Black "Schulte, Felix"]
[Result "1-0"]
[Termination "normal"]
[Board "16"]
[WhiteElo "1759"]
[BlackElo "1573"]
[PlyCount "75"]
[WhiteFideId "12908088"]
[BlackFideId "12914800"]
[EventCountry "GER"]
[EventRounds "11"]
[EventType "swiss"]
[EventDate "2011.06.11"]

1. e4 c5 2. Nc3 e6 3. d3 g6 4. g3 Bg7 5. Bg2 Nc6 6. f4 Nge7 7. Nf3 O-O 8. O-O
d6 9. Be3 Nd4 10. Rb1 Rb8 11. Ne2 Nxf3+ 12. Bxf3 b5 13. d4 cxd4 14. Bxd4 Qc7
15. Qd2 Bb7 16. a3 a6 17. Bxg7 Kxg7 18. Rfd1 d5 19. e5 Rbc8 20. Rbc1 Nf5 21. c3
Rfd8 22. Bg2 Qc5+ 23. Nd4 Nxd4 24. cxd4 Qe7 25. Bf1 f6 26. exf6+ Qxf6 27. Re1
Rc6 28. b4 Rdc8 29. Rc5 a5 30. Bxb5 Rxc5 31. bxc5 Bc6 32. Bxc6 Rxc6 33. Rb1 g5
34. Rb7+ Kg6 35. Qd3+ Qf5 36. Qxf5+ Kxf5 37. fxg5 Kxg5 38. Rb6 1-0

[Event "DEM U12 2011"]
[Site "Oberhof GER"]
[Date "2011.06.13"]
[Round "3"]
[White "Hartmann, Jakob"]
[Black "Lagunow, Raphael"]
[Result "0-1"]
[Termination "normal"]
[Board "17"]
[WhiteElo "1567"]
[BlackElo "1711"]
[PlyCount "92"]
[WhiteFideId "12918067"]
[BlackFideId "24652644"]
[EventCountry "GER"]
[EventRounds "11"]
[EventType "swiss"]
[EventDate "2011.06.11"]

1. e4 c5 2. Nf3 Nc6 3. d4 cxd4 4. Nxd4 g6 5. Nc3 Bg7 6. Be3 Nf6 7. f3 O-O 8.
Qd2 d5 9. O-O-O Qa5 10. Nb3 Qd8 11. exd5 Na5 12. Nxa5 Qxa5 13. Bc4 a6 14. g4 b5
15. Bb3 b4 16. Na4 Bd7 17. Nb6 Rab8 18. g5 Rxb6 19. Bxb6 Qxb6 20. gxf6 Bxf6 21.
h4 h5 22. d6 e6 23. f4 a5 24. f5 exf5 25. Qh6 a4 26. Qxg6+ Bg7 27. Rhg1 Qe3+
28. Kb1 Qe5 29. Qxg7+ Qxg7 30. Rxg7+ Kxg7 31. Bc4 Kf6 32. Re1 Rd8 33. Rd1 f4
34. Kc1 Bg4 35. Rd4 Ke5 36. Rd5+ Ke4 37. Rd3 f3 38. Rd2 Ke3 39. Rd3+ Kf4 40.
Rd4+ Kg3 41. Bxf7 Kxh4 42. Be6 Kg3 43. Bxg4 hxg4 44. Kd2 f2 45. Ke2 Re8+ 46.
Kf1 Re1# 0-1

[Event "DEM U12 2011"]
[Site "Oberhof GER"]
[Date "2011.06.13"]
[Round "3"]
[White "Angrick, Philipp"]
[Black "Surguchov, Alexander"]
[Result "0-1"]
[Termination "normal"]
[Board "18"]
[WhiteElo "1834"]
[BlackElo "1545"]
[PlyCount "40"]
[WhiteFideId "12912298"]
[BlackFideId "1272035"]
[EventCountry "GER"]
[EventRounds "11"]
[EventType "swiss"]
[EventDate "2011.06.11"]

1. e4 e6 2. d4 d5 3. Nc3 Bb4 4. e5 c5 5. dxc5 Qc7 6. Nf3 Bxc3+ 7. bxc3 Ne7 8.
Bd3 Qxc5 9. O-O Qxc3 10. Rb1 Nd7 11. Qe2 a6 12. Rb3 Qa5 13. Ba3 Nc5 14. Bb4 Qc7
15. Rc3 b6 16. Qe3 d4 17. Nxd4 Nd5 18. Qf3 Bb7 19. Qg3 Nxc3 20. Qxg7 O-O-O 0-1

[Event "DEM U12 2011"]
[Site "Oberhof GER"]
[Date "2011.06.13"]
[Round "3"]
[White "Rempe, Moritz"]
[Black "Nguyen, Huy Dat"]
[Result "1/2-1/2"]
[Termination "normal"]
[Board "19"]
[WhiteElo "1784"]
[BlackElo "1537"]
[PlyCount "69"]
[WhiteFideId "12906867"]
[BlackFideId "12923486"]
[EventCountry "GER"]
[EventRounds "11"]
[EventType "swiss"]
[EventDate "2011.06.11"]

1. e4 c5 2. Nf3 Nc6 3. d4 cxd4 4. Nxd4 Nf6 5. Nc3 e5 6. Ndb5 d6 7. Bg5 a6 8.
Na3 b5 9. Nd5 Be7 10. Bxf6 Bxf6 11. c3 Bg5 12. Nc2 Ne7 13. Nxe7 Bxe7 14. Nb4
Bb7 15. Nd5 O-O 16. Be2 f5 17. Bf3 f4 18. Qd2 Kh8 19. O-O-O Bxd5 20. Qxd5 Rc8
21. Kb1 Rc5 22. Qb7 a5 23. Be2 Qe8 24. Rd5 b4 25. cxb4 axb4 26. Qxb4 Rxd5 27.
exd5 Qg6+ 28. Ka1 Qxg2 29. Qe1 Qxd5 30. Qd1 Qe6 31. Bg4 Qc4 32. Be2 Qe6 33. Bg4
Qc4 34. Be2 Qe6 35. Bg4 1/2-1/2

[Event "DEM U12 2011"]
[Site "Oberhof GER"]
[Date "2011.06.13"]
[Round "3"]
[White "Reimers, Juri"]
[Black "Blösch, Christoph"]
[Result "1/2-1/2"]
[Termination "normal"]
[Board "20"]
[WhiteElo "1675"]
[BlackElo "1504"]
[PlyCount "61"]
[WhiteFideId "24661511"]
[BlackFideId "12918121"]
[EventCountry "GER"]
[EventRounds "11"]
[EventType "swiss"]
[EventDate "2011.06.11"]

1. e4 e5 2. Nf3 Nf6 3. d4 Nxe4 4. Bd3 d5 5. dxe5 Nc5 6. Nc3 Nxd3+ 7. Qxd3 c6 8.
Bf4 Bc5 9. O-O-O Be6 10. h4 Nd7 11. Ne2 Qb6 12. Ned4 O-O-O 13. c3 Bxd4 14. Nxd4
Nc5 15. Qc2 Rdf8 16. Be3 Qa6 17. Kb1 Kb8 18. h5 Nd7 19. f4 Bg4 20. Rde1 g6 21.
hxg6 hxg6 22. Rxh8 Rxh8 23. Ka1 Nc5 24. Nb3 Nxb3+ 25. Qxb3 Qe2 26. Bxa7+ Kxa7
27. Rg1 Qf2 28. Rb1 Qxg2 29. Qa3+ Kb8 30. Qd6+ Kc8 31. Qa3 1/2-1/2

[Event "DEM U12 2011"]
[Site "Oberhof GER"]
[Date "2011.06.13"]
[Round "3"]
[White "Köhn, Lennart"]
[Black "Paulsen, Alexej"]
[Result "1/2-1/2"]
[Termination "normal"]
[Board "21"]
[WhiteElo "1554"]
[BlackElo "1559"]
[PlyCount "45"]
[WhiteFideId "12938041"]
[BlackFideId "24662372"]
[EventCountry "GER"]
[EventRounds "11"]
[EventType "swiss"]
[EventDate "2011.06.11"]

1. e4 c5 2. Nf3 Nc6 3. d4 cxd4 4. Nxd4 Nf6 5. Nc3 d6 6. f3 e6 7. Be3 Be7 8. Bc4
a6 9. Qd2 Bd7 10. O-O-O b5 11. Bb3 Rc8 12. h4 Ne5 13. g4 Nc4 14. Bxc4 Rxc4 15.
h5 b4 16. Nce2 Qa5 17. Kb1 g6 18. hxg6 fxg6 19. Nf4 Kf7 20. g5 Ne8 21. Nb3 Qb5
22. Nd4 Qa5 23. Nb3 1/2-1/2

[Event "DEM U12 2011"]
[Site "Oberhof GER"]
[Date "2011.06.13"]
[Round "3"]
[White "Kempe, Anne"]
[Black "Gheng, Christian"]
[Result "1-0"]
[Termination "normal"]
[Board "22"]
[WhiteElo "1538"]
[BlackElo "1679"]
[PlyCount "113"]
[WhiteFideId "12918083"]
[BlackFideId "24660345"]
[EventCountry "GER"]
[EventRounds "11"]
[EventType "swiss"]
[EventDate "2011.06.11"]

1. e4 c5 2. Nf3 d6 3. d4 cxd4 4. Nxd4 Nf6 5. Nc3 g6 6. Be3 Bg7 7. f3 O-O 8. Qd2
Nc6 9. Bc4 Bd7 10. O-O-O Rc8 11. Bb3 Ne5 12. Kb1 Nc4 13. Bxc4 Rxc4 14. g4 b5
15. h4 h5 16. gxh5 Nxh5 17. Nce2 Kh7 18. f4 e5 19. fxe5 Bxe5 20. Nf3 Rxe4 21.
Ng5+ Kg7 22. Nxe4 Bc6 23. Bh6+ Kg8 24. Bxf8 Bxe4 25. Bh6 Bxh1 26. Rxh1 Qa8 27.
Rf1 Qg2 28. Qe1 Nf6 29. Rg1 Qe4 30. Qd2 Qxh4 31. Bg5 Qh2 32. Bxf6 Bxf6 33. Qe3
Kg7 34. Rf1 Qe5 35. Qxe5 dxe5 36. Nc3 b4 37. Nd5 Bg5 38. Nxb4 f5 39. c4 Be7 40.
Nc6 Bd6 41. Rd1 Bc5 42. Nxe5 Kf6 43. Nd7+ Kg5 44. Nxc5 f4 45. Ne6+ Kf5 46. Nxf4
Kxf4 47. c5 a5 48. c6 a4 49. c7 a3 50. c8=Q axb2 51. Qf8+ Kg5 52. Rd5+ Kg4 53.
Qb4+ Kg3 54. Rd3+ Kf2 55. Qxb2+ Ke1 56. Rc3 Kd1 57. Rc1# 1-0

[Event "DEM U12 2011"]
[Site "Oberhof GER"]
[Date "2011.06.13"]
[Round "3"]
[White "Tiedemann, Fin Niklas"]
[Black "Urban, Konstantin"]
[Result "0-1"]
[Termination "normal"]
[Board "23"]
[WhiteElo "1525"]
[BlackElo "1648"]
[PlyCount "138"]
[WhiteFideId "12936936"]
[BlackFideId "12927511"]
[EventCountry "GER"]
[EventRounds "11"]
[EventType "swiss"]
[EventDate "2011.06.11"]

1. e4 c5 2. Nf3 e6 3. d4 cxd4 4. Nxd4 a6 5. Nc3 Qc7 6. Be3 Nf6 7. Be2 Bb4 8.
Qd3 Bxc3+ 9. bxc3 Nxe4 10. c4 Nf6 11. O-O Nc6 12. Rab1 O-O 13. Nxc6 dxc6 14.
Bb6 Qb8 15. Bc5 Re8 16. Rfd1 h6 17. Bf3 Qc7 18. Bd6 Qa5 19. a4 e5 20. Qa3 e4
21. Be2 Qg5 22. Bg3 h5 23. h4 Qg6 24. Qe3 Qf5 25. Kh1 Kh8 26. Rg1 Re7 27. Bf4
Be6 28. Bg5 Rae8 29. Bxf6 Qxf6 30. Qg3 g6 31. Rgd1 Bc8 32. Kg1 e3 33. f3 Qc3
34. Rbc1 Bf5 35. Qf4 Kh7 36. g4 hxg4 37. fxg4 Re4 38. Qc7 R8e7 39. Qg3 Be6 40.
h5 g5 41. Bd3 Qxd3 42. cxd3 Rxg4 43. Kg2 Rxg3+ 44. Kxg3 f5 45. Kf3 f4 46. d4
Kh6 47. d5 Bf7 48. d6 Rd7 49. Ke4 Bxh5 50. Rd4 Bf7 51. Ke5 Kg6 52. c5 Bd5 53.
Rg1 Rd8 54. Rxf4 Re8+ 55. Kd4 e2 56. d7 Rd8 57. Rfg4 Rxd7 58. Rxg5+ Kf6 59.
Rg6+ Kf5 60. R6g5+ Kf4 61. R1g4+ Kf3 62. Rg3+ Kf2 63. Kc3 e1=Q+ 64. Kb2 Qd2+
65. Kb1 Be4+ 66. Ka1 Qc1+ 67. Ka2 Rd2+ 68. Kb3 Qb2+ 69. Kc4 Rd4# 0-1

[Event "DEM U12 2011"]
[Site "Oberhof GER"]
[Date "2011.06.13"]
[Round "3"]
[White "Müller, Sophie"]
[Black "Schackmann, Oliver"]
[Result "0-1"]
[Termination "normal"]
[Board "25"]
[WhiteElo "1386"]
[BlackElo "1829"]
[PlyCount "136"]
[WhiteFideId "12926698"]
[BlackFideId "12905267"]
[EventCountry "GER"]
[EventRounds "11"]
[EventType "swiss"]
[EventDate "2011.06.11"]

1. d4 d5 2. Bf4 Nf6 3. e3 c6 4. Bd3 Bg4 5. Nf3 e6 6. Nbd2 Bd6 7. Bxd6 Qxd6 8.
c3 Nbd7 9. Qc2 O-O 10. O-O Rfe8 11. e4 dxe4 12. Nxe4 Nxe4 13. Bxe4 Nf6 14. Ne5
Bh5 15. Bf3 Bxf3 16. Nxf3 Rad8 17. Rfe1 h6 18. h3 Qc7 19. Re3 c5 20. dxc5 Qxc5
21. Rd1 Rd5 22. Red3 Red8 23. Rxd5 Rxd5 24. Rxd5 Qxd5 25. a3 Qe4 26. Qxe4 Nxe4
27. Kf1 Nc5 28. b4 Na4 29. c4 Nb6 30. Nd2 e5 31. f3 f5 32. Ke2 Kf7 33. Kd3 Ke6
34. g3 g5 35. Ke3 Nd7 36. a4 Kd6 37. f4 gxf4+ 38. gxf4 e4 39. Kd4 Nf6 40. Nf1
Nh5 41. Ne3 Ke6 42. Nd5 Nf6 43. Nxf6 Kxf6 44. c5 Ke6 45. h4 h5 46. b5 Kd7 47.
a5 Kc7 48. Ke3 a6 49. b6+ Kd7 50. Kd4 Kc6 51. Kc4 e3 52. Kd3 Kxc5 53. Kxe3 Kc4
54. Kd2 Kd4 55. Kc2 Ke4 56. Kc3 Kxf4 57. Kc4 Ke5 58. Kd3 f4 59. Ke2 Ke4 60. Kf2
f3 61. Kf1 Kf4 62. Kf2 Kg4 63. Kf1 Kxh4 64. Kf2 Kg4 65. Kf1 Kg3 66. Kg1 f2+ 67.
Kf1 h4 68. Ke2 Kg2 0-1